Mixed Random Flags - Statistics

General Stats
  • This quiz has been taken 265 times
  • The average score is 12 of 15
Answer Stats
Picture Hint Answer % Correct
Athens Greece
99%
London United Kingdom
98%
Berlin Germany
97%
Lisbon Portugal
95%
Copenhagen Denmark
92%
Cairo Egypt
92%
Beirut Lebanon
91%
Thimphu Bhutan
88%
Caracas Venezuela
86%
First Flag US
82%
Port Of Spain Trinidad and Tobago
80%
Fleur-de-lis France
75%
Conquered by Japan Korea
70%
Old Former Chinese Empire China
52%
Old British self governing dominion Canada
47%
No matching quizzes found
Score Distribution
Percent of People with Each Score
Percentile by Number Answered
Your Score History
You have not taken this quiz